000 01049nam a22002657a 4500
005 20110125140113.0
008 110125t xxu||||| |||| 00| 0 mar d
010 _aMAR-20515
020 _a9788174345165
_c150.00
035 _aMR-13173
037 _bDBAD / PUB
040 _aDPL
_bMR
082 _a891.463
100 _925582
245 _aबाधा /
_cमधुकर धर्मापुरीकर द्वारा संपादित
246 _aBaadha
260 _aराजहँस प्रकाशन
_bपुणे
_c2010
270 _a1025,सदाशिव पेठ
_bपुणे
_e411030
300 _a165पृ
_c21सेमी (अजिल्द)
700 _925583
_aधर्मापुरीकर,मधुकर
700 _925646
700 _925587
942 _2ddc
_cMR
_h891.46301
_mबाधाम
999 _c50165
_d50165